Age-structured social interactions enhance radicalization
Disaffected youth are among the most susceptible in espousing and acting on extremist ideals, as confirmed by demographic studies. To study age-dependent radicalization we introduce a three-stage model where individuals progress through non-radical, activist, and radical states, while also aging. Tr...
| Authors: | ; ; |
|---|---|
| Format: | Electronic Article |
| Language: | English |
| Published: |
2018
|
| In: |
The journal of mathematical sociology
Year: 2018 |
| Online Access: |
Volltext (kostenfrei) Volltext (kostenfrei) |
| Check availability: | HBZ Gateway |
| Keywords: |
MARC
| LEADER | 00000caa a22000002c 4500 | ||
|---|---|---|---|
| 001 | 1866149296 | ||
| 003 | DE-627 | ||
| 005 | 20250114054907.0 | ||
| 007 | cr uuu---uuuuu | ||
| 008 | 231018s2018 xx |||||o 00| ||eng c | ||
| 024 | 7 | |a 10.1080/0022250x.2018.1448975 |2 doi | |
| 035 | |a (DE-627)1866149296 | ||
| 035 | |a (DE-599)KXP1866149296 | ||
| 040 | |a DE-627 |b ger |c DE-627 |e rda | ||
| 041 | |a eng | ||
| 084 | |a 2,1 |2 ssgn | ||
| 100 | 1 | |a Chou, Tom |e VerfasserIn |4 aut | |
| 245 | 1 | 0 | |a Age-structured social interactions enhance radicalization |
| 264 | 1 | |c 2018 | |
| 336 | |a Text |b txt |2 rdacontent | ||
| 337 | |a Computermedien |b c |2 rdamedia | ||
| 338 | |a Online-Ressource |b cr |2 rdacarrier | ||
| 520 | |a Disaffected youth are among the most susceptible in espousing and acting on extremist ideals, as confirmed by demographic studies. To study age-dependent radicalization we introduce a three-stage model where individuals progress through non-radical, activist, and radical states, while also aging. Transitions between stages are modeled as age-dependent interactions that are maximized for individuals of the same age and that are enhanced at early adulthood. For comparison, we also derive the age-independent formulation corresponding to the full age-dependent model. We find that age-dependence leads to more complex dynamics, enhancing radicalization in certain parameter regimes. We also observe waves of radical behavior ebbing and flowing over generational cycles, realizing well known paradigms in political science. While government intervention is most effective when the appropriate ages are targeted, deciding whether preventive or corrective action is preferable depends on the aggressiveness of the radicalization process | ||
| 650 | 4 | |a slides | |
| 700 | 1 | |a D'Orsogna, Maria R. |e VerfasserIn |4 aut | |
| 700 | 1 | |a Chuang, Yao-Li |e VerfasserIn |4 aut | |
| 773 | 0 | 8 | |i Enthalten in |t The journal of mathematical sociology |d London [u.a.] : Routledge, Taylor & Francis Group, 1971 |g (2018) |h Online-Ressource |w (DE-627)341339016 |w (DE-600)2066607-X |w (DE-576)098783440 |x 1545-5874 |7 nnas |
| 773 | 1 | 8 | |g year:2018 |
| 856 | |u https://arxiv.org/pdf/1806.01975 |x unpaywall |z Vermutlich kostenfreier Zugang |h repository [deprecated] | ||
| 856 | 4 | 0 | |u http://arxiv.org/abs/1806.01975 |x Verlag |z kostenfrei |3 Volltext |7 0 |
| 856 | 4 | 0 | |u https://doi.org/10.1080/0022250x.2018.1448975 |x Resolving-System |z kostenfrei |3 Volltext |7 0 |
| 935 | |a mkri | ||
| 951 | |a AR | ||
| ELC | |a 1 | ||
| LOK | |0 000 xxxxxcx a22 zn 4500 | ||
| LOK | |0 001 4391830051 | ||
| LOK | |0 003 DE-627 | ||
| LOK | |0 004 1866149296 | ||
| LOK | |0 005 20231018043714 | ||
| LOK | |0 008 231018||||||||||||||||ger||||||| | ||
| LOK | |0 035 |a (DE-2619)CORE51508168 | ||
| LOK | |0 040 |a DE-2619 |c DE-627 |d DE-2619 | ||
| LOK | |0 092 |o n | ||
| LOK | |0 852 |a DE-2619 | ||
| LOK | |0 852 1 |9 00 | ||
| LOK | |0 935 |a core | ||
| LOK | |0 939 |a 18-10-23 |b l01 | ||
| OAS | |a 1 | ||
| ORI | |a SA-MARC-krimdoka001.raw | ||
